000 00547nam a22001817a 4500
005 20240920124414.0
008 240918b |||||||| |||| 00| 0 eng d
020 _a978-93-6180-339-0
041 _aeng
082 _a615.1
100 _aSINGH, DR. TEJ PRATAP. DHOBALE, DR. AVINASH VASUDEV AND MANOHAR , DR. BIRADAR MAHESH
_98515
245 _aPHARMACEUTICS-1 [ B.PHARMA, 1ST SEMESTER]
250 _a2ND. RE. PRINT ED. 2025
260 _aLUCKNOW
_bTHAKUR PUBLICATION PVT.LTD.
300 _a192;P
650 _aPHARMACY
_xB.PHARMA
942 _cBK
999 _c8643
_d8641